Generic names quiz - Statistics

General Stats
  • This quiz has been taken 8 times
  • The average score is 9 of 112
Answer Stats
Trade name Generic name % Correct
Lasix Furosemide
50%
0.9% Sodium Chloride Normal saline
50%
Buspar Buspirone
38%
Haldol Haloperidol
38%
MotrinAdvil Caldolor (IV) Ibuprofen
38%
Synthroid Levothyroxine
38%
Ativan Lorazepam
38%
Vancocin Vancomycin
38%
VentolinProventil Albuterol
25%
ZithromaxZ-Pak Azithromycin
25%
Zyrtec Cetirizine
25%
Plavix Clopidogrel
25%
Valium Diazepam
25%
Neurontin Gabapentin
25%
Prilosec Omeprazole
25%
OxyContinRoxicodone Oxycodone
25%
Zoloft Sertraline
25%
Vitamin B1 Thiamine
25%
TylenolOfirmev (IV) Acetaminophen
13%
Xanax Alprazolam
13%
Adderall Amphetamine salts
13%
BayerEcotrin Aspirin
13%
Ancef Cefazolin
13%
Rocephin Ceftriaxone
13%
Celexa Citalopram
13%
Klonopin Clonazepam
13%
Benadryl Diphenhydramine
13%
Adrenalin Epinephrine
13%
Prozac Fluoxetine
13%
Advair Fluticasone / Salmeterol
13%
Hep-lockHepFlush Heparin
13%
LR Lactated Ringer’s
13%
Xylocaine Lidocaine
13%
Narcan Naloxone
13%
Zofran Ondansetron
13%
Protonix Pantoprazole
13%
Lyrica Pregabalin
13%
Seroquel Quetiapine
13%
Risperdal Risperidone
13%
Coumadin Warfarin
13%
Activated charcoal Activated charcoal
0%
Adenocard Adenosine
0%
CordaronePacerone Amiodarone
0%
Norvasc Amlodipine
0%
Amoxil Amoxicillin
0%
Eliquis Apixaban
0%
TumsOs-Cal Calcium carbonate
0%
Calcium chloride Calcium chloride
0%
Cleocin Clindamycin
0%
Decadron Dexamethasone
0%
Delsym Dextromethorphan
0%
Dextrose Dextrose (D10, D50)
0%
Lanoxin Digoxin
0%
Cardizem Diltiazem
0%
Propofol Diprivan
0%
Colace Docusate sodium
0%
Intropin Dopamine
0%
Lovenox Enoxaparin
0%
Amidate Etomidate
0%
SublimazeDuragesic Fentanyl
0%
GlucaGen Glucagon
0%
Microzide Hydrochlorothiazide (HCTZ)
0%
NorcoVicodin Lortab Hydrocodone / acetaminophen
0%
Solu-Cortef Hydrocortisone
0%
Cyanokit Hydroxocobalamin
0%
Atrovent Ipratropium
0%
Ketalar Ketamine
0%
TrandateNormadyne Labetalol
0%
EnuloseConstulose Lactulose
0%
Xopenex Levalbuterol
0%
Keppra Levetiracetam
0%
Vyvanse Lisdexamphetamine
0%
PrinivilZestril Lisinopril
0%
Lantus Long-acting insulin
0%
Imodium Loperamide
0%
Cleratin Loratidine
0%
Magnesium sulfate Magnesium sulfate
0%
Glucophage Metformin
0%
DolophineMethadose Methadone
0%
Ritalin Methylphenidate
0%
Solu-Medrol Methylprednisolone
0%
Reglan Metoclopromide
0%
LorpressorToprol-XL Metoprolol
0%
Flagyl Metronazidole
0%
Versed Midazolam
0%
MS Contin Morphine Sulfate
0%
MacrobidMacrodantin Nitrofurantoin
0%
Levophed Norepinephrine
0%
Zyprexa Olanzapine (ODT)
0%
Percocet Oxycodone / acetaminophen
0%
Dilantin Phenytoin
0%
Zosyn Piperacillin / Tazobactam
0%
MiraLAX Polyethylene glycol
0%
K-DurKlor-Con Potassium chloride
0%
DeltasoneRayos (ER) Prednisone
0%
Phernergan Promethazine
0%
Humalog Novolog Rapid-acting Insulin
0%
Xarelto Rivaroxaban
0%
Zemuron Rocuronium
0%
HumulinNovolin Short/Intermediate-acting Insulin
0%
Sodium bicarbonate Sodium bicarbonate
0%
Aldactone Spironolactone
0%
Anectine Succinylcholine
0%
Flomax Tamsulosin
0%
Restoril Temazepam
0%
Brethine Terbutaline
0%
Cyklokapron Tranexamic Acid (TXA)
0%
Desyrel Trazodone
0%
BactrimSeptra Trimethoprim / sulfamethoxazole
0%
Vasopressin Vasopressin
0%
Norcuron Vecuronium
0%
No matching quizzes found
Score Distribution
Percent of People with Each Score
Percentile by Number Answered
Your Score History
You have not taken this quiz